000
00325nam a22001457a 4500
008
211018b ||||| |||| 00| 0 eng d
020
_a
01118303
041
_a
eng
080
_2
3rd
_a
330.722.6
082
_a
330.722.6
100
_a
62
101
_a
KF
245
_a
Managerial Accounting
_c
Garrison,R.H
942
_2
udc
_c
BK
999
_c
58239
_d
58239